|
|
|
|
| LEADER |
01224cam a2200289 7i4500 |
| 001 |
0000078247 |
| 005 |
20230615090000.0 |
| 020 |
|
|
|a 9781003279532 (electronic book)
|
| 090 |
0 |
0 |
|a TN871
|b .S53 2023
|
| 100 |
1 |
|
|a Shah, Manan
|
| 245 |
1 |
0 |
|a Applications of artificial intelligence (AI) and machine learning (ML) in the petroleum industry
|c Manan Shah, Ameya Kshirsagar, Jainam Panchal.
|
| 264 |
|
|
|a Boca Raton:
|b CRC Press, Taylor & Francis Group,
|c 2023.
|
| 300 |
|
|
|a 1 online resource (xi, 134 pages):
|b text file, PDF.
|
| 336 |
|
|
|a text
|2 rdacontent
|
| 337 |
|
|
|a computer
|2 rdamedia
|
| 338 |
|
|
|a online resource
|2 rdacarrier
|
| 650 |
|
0 |
|a Artificial intelligence --
|x Industrial applications
|
| 650 |
|
0 |
|a Petroleum industry and trade --
|x Data processing
|
| 650 |
|
0 |
|a Machine learning --
|x Industrial applications
|
| 650 |
|
0 |
|a Petroleum engineering --
|x Data processing
|
| 650 |
|
0 |
|a Gas industry --
|x Data processing
|
| 655 |
|
0 |
|a Electronic books
|
| 700 |
1 |
|
|a Kshirsagar, Ameya
|
| 700 |
1 |
|
|a Panchal, Jainam
|
| 856 |
4 |
2 |
|u http://library.unisel.edu.my/web/guest/mylibrary
|
| 997 |
|
|
|a Engineering & Life Sciences, Faculty
|b Engineering, Department
|
| 999 |
|
|
|a EBO0020410
|b EBOOK
|c EBOOK
|e Electronic resources
|